000 01223cam a2200289 i 4500
003 SA-RiAUC
005 20250710064851.0
008 250603s2009 su g 000r0 ara c
020 _a9786038011638
040 _aSA-MaHRM
_bara
_cSA-RiAUC
_erda
082 0 4 _a253.9
_qSA-RiAUC
090 _a253.9
_b س م ا
100 1 _aالسماعيل، عبد الكريم بن محمد بن أحمد
_eمؤلف.
245 1 2 _aالعمولات المصرفية :
_bحقيقتها وأحكامها الفقهية /
_cعبد الكريم بن محمد بن أحمد السماعيل.
250 _aالطبعة الأولى.
264 1 _aالرياض :
_bدار كنوز إشبيليا للنشر والتوزيع،
_c2009
300 _a760 صفحة ؛
_c24 × 17 سم.
336 _aنص
_btxt
_2rdacontent
_3كتاب
337 _aبدون وسيط
_bn
_2rdamedia
338 _aمجلد
_bnc
_2rdacarrier
490 0 _aإصدارات المجموعة الشرعية ؛
_v8
650 7 _aالعمولات (فقه إسلامي)
_2aucsh
650 7 _aالمعاملات (فقه إسلامي)
_2aucsh
650 7 _aالبنوك (فقه إسلامي)
_2aucsh
942 _2ddc
_cBOOK
_n0
949 _aSA-JeALM
_d250603
_umohamedma123
_n1
999 _c9713
_d9713